000
00299nam a2200109Ia 4500
008
230907s9999||||xx |||||||||||||| ||und||
082
_a
351,DEV
245
0
_a
Developing country perspectives on publics service delivery/
260
_a
Springer
_b
New York
_c
2015
300
_a
xix, 293p.:
942
_c
BK
999
_c
597503
_d
597503